[Event "25th Dubai Open A 2025"]
[Site "Dubai UAE"]
[Date "2025.06.01"]
[Round "6.8"]
[White "Indjic, Aleksandar"]
[Black "Nitish, Belurkar"]
[Result "1-0"]
[WhiteTitle "GM"]
[BlackTitle "IM"]
[WhiteElo "2637"]
[BlackElo "2454"]
[WhiteFideId "911925"]
[BlackFideId "5084768"]
[EventDate "2025.05.27"]

1. Nf3 d5 2. g3 Nd7 3. d4 Nb6 4. Nc3 Nf6 5. Bg2 g6 6. a4 a5 7. O-O Bg7 8. b3 Ne4
9. Bb2 Nxc3 10. Bxc3 Nd7 11. Bb2 O-O 12. c4 dxc4 13. bxc4 c5 14. e3 Nb6 15. Qb3
Qc7 16. Rfc1 Bd7 17. dxc5 Qxc5 18. Ba3 Qc7 19. c5 Nc8 20. Nd4 Bc6 21. Nxc6 Bxa1
22. Nd4 Bxd4 23. exd4 Rb8 24. d5 b6 25. d6 bxc5 26. Qxf7+ Kxf7 27. dxc7 Rb4 28.
Bxb4 cxb4 29. Rc5 Nd6 30. Bb7 Nxb7 31. c8=Q Rxc8 32. Rxc8 Ke6 33. Rc7 Nd6 34.
Rc5 b3 35. Rc3 b2 36. Rb3 Nc4 37. Rb5 g5 38. f4 gxf4 39. gxf4 Kd6 40. Kf2 Kc6
41. f5 h6 42. Kg3 Nd6 43. Rxb2 Nxf5+ 44. Kg4 Nd4 45. Kh5 e5 46. Kxh6 e4 47. h4
e3 48. h5 e2 49. Rb1 Kd5 50. Kg6 Ke4 51. Kf6 Nc2 52. h6 Ne3 53. h7 Kd5 1-0

[Event "25th Dubai Open A 2025"]
[Site "Dubai UAE"]
[Date "2025.06.01"]
[Round "6.9"]
[White "Tin, Jingyao"]
[Black "Celik, Hasan Huseyin"]
[Result "1/2-1/2"]
[WhiteTitle "GM"]
[BlackTitle "IM"]
[WhiteElo "2601"]
[BlackElo "2440"]
[WhiteFideId "5804418"]
[BlackFideId "44506759"]
[EventDate "2025.05.27"]

1. c4 e5 2. Nc3 Nc6 3. g3 f5 4. d3 Nf6 5. Bg5 Bb4 6. Qd2 O-O 7. Bg2 h6 8. Bxf6
Qxf6 9. e3 f4 10. O-O-O d6 11. Bd5+ Be6 12. gxf4 Bxd5 13. cxd5 Ne7 14. Kb1 Qf7
15. fxe5 Nxd5 16. f4 dxe5 17. fxe5 Bxc3 18. bxc3 Qh5 19. Rc1 Qxe5 20. e4 Nf4 21.
Ka1 Rad8 22. Nf3 Qe7 23. Nd4 c5 24. Rhf1 Qe5 25. Nf3 Qe7 26. Nd4 Qe5 27. Nf3 Qe7 1/2-1/2

[Event "25th Dubai Open A 2025"]
[Site "Dubai UAE"]
[Date "2025.06.01"]
[Round "6.10"]
[White "Pichot, Alan"]
[Black "Talibov, Shiroghlan"]
[Result "1-0"]
[WhiteTitle "GM"]
[BlackTitle "IM"]
[WhiteElo "2587"]
[BlackElo "2423"]
[WhiteFideId "110973"]
[BlackFideId "13429078"]
[EventDate "2025.05.27"]

1. e4 c5 2. Nf3 d6 3. Bb5+ Nd7 4. Ba4 Nf6 5. O-O e6 6. d3 Be7 7. c4 O-O 8. Nc3
a6 9. h3 b6 10. Ne1 Bb7 11. f4 Ne8 12. Nf3 Nc7 13. Qe1 Bf6 14. Be3 b5 15. Bc2 d5
16. e5 Be7 17. Bd2 Nb6 18. cxd5 Bxd5 19. Ne4 Kh8 20. Qg3 f5 21. exf6 gxf6 22.
Qh4 b4 23. f5 Rg8 24. Rae1 Nd7 25. d4 cxd4 26. fxe6 Nf8 27. Nxd4 f5 28. Qf4 Bf6
29. Be3 Bxe4 30. Bxe4 Ng6 31. Qf2 fxe4 32. Nc6 Qf8 33. Qxf6+ Qxf6 34. Rxf6 Nb5
35. Bg5 Rac8 36. e7 h6 37. Bxh6 1-0

[Event "25th Dubai Open A 2025"]
[Site "Dubai UAE"]
[Date "2025.06.01"]
[Round "6.11"]
[White "Iniyan, Pa"]
[Black "Davtyan, Arsen"]
[Result "0-1"]
[WhiteTitle "GM"]
[BlackTitle "IM"]
[WhiteElo "2573"]
[BlackElo "2402"]
[WhiteFideId "25002767"]
[BlackFideId "13309315"]
[EventDate "2025.05.27"]

1. d4 Nf6 2. c4 e6 3. Nf3 d5 4. Nc3 Bb4 5. cxd5 exd5 6. Bf4 Ne4 7. Rc1 Nc6 8.
Nd2 g5 9. Be3 Nxc3 10. bxc3 Ba3 11. Rb1 f5 12. g3 Bd6 13. Nf3 h6 14. Bg2 Qf6 15.
Qc1 f4 16. Bd2 Bf5 17. Rxb7 Be4 18. c4 g4 19. c5 Be7 20. Bxf4 gxf3 21. exf3 Bd3
22. Qe3 Ba6 23. Rxc7 O-O 24. Kd1 Qg6 25. Re1 Rf6 26. Kd2 Rb8 27. Qc3 Bd8 28. Qc2
Qxc2+ 29. Kxc2 Nxd4+ 30. Kd2 Bxc7 31. Bxc7 Rc8 32. Re7 Nf5 33. Be5 Nxe7 34. Bxf6
Kf7 35. Bd4 Rb8 36. f4 Rb4 37. Be5 Ra4 38. Bh3 Rxa2+ 39. Ke3 Nc6 0-1

[Event "25th Dubai Open A 2025"]
[Site "Dubai UAE"]
[Date "2025.06.01"]
[Round "6.12"]
[White "Harikrishnan, A. Ra"]
[Black "Gorshtein, Ido"]
[Result "0-1"]
[WhiteTitle "IM"]
[BlackTitle "GM"]
[WhiteElo "2467"]
[BlackElo "2560"]
[WhiteFideId "5081483"]
[BlackFideId "2815532"]
[EventDate "2025.05.27"]

1. Nf3 Nf6 2. c4 b6 3. g3 c5 4. Bg2 Bb7 5. O-O e6 6. b3 Be7 7. Bb2 O-O 8. d4
cxd4 9. Qxd4 d6 10. Nc3 a6 11. Rfd1 Nbd7 12. Nd2 Bxg2 13. Kxg2 Qc7 14. Nde4 Rfd8
15. Nxf6+ Nxf6 16. a4 Qb7+ 17. Kg1 Rac8 18. e4 Kh8 19. Rab1 Nd7 20. Nb5 Ne5 21.
Qc3 axb5 22. f4 b4 23. Qxb4 Nc6 0-1

[Event "25th Dubai Open A 2025"]
[Site "Dubai UAE"]
[Date "2025.06.01"]
[Round "6.13"]
[White "Ilamparthi, A R"]
[Black "Kacharava, Nikolozi"]
[Result "1/2-1/2"]
[WhiteTitle "IM"]
[BlackTitle "GM"]
[WhiteElo "2469"]
[BlackElo "2516"]
[WhiteFideId "45015775"]
[BlackFideId "13611860"]
[EventDate "2025.05.27"]

1. e4 e5 2. Nf3 Nc6 3. d4 exd4 4. Nxd4 Bc5 5. Nb3 Bb6 6. Nc3 d6 7. Qe2 a5 8. Be3
a4 9. Bxb6 axb3 10. Be3 bxa2 11. Rxa2 Rxa2 12. Nxa2 Nge7 13. Nc3 O-O 14. Qd2 f5
15. f3 fxe4 16. Nxe4 d5 17. Ng3 Nf5 18. Nxf5 Bxf5 19. Be2 d4 20. Bf2 d3 21. cxd3
Nd4 22. O-O Nxe2+ 23. Qxe2 Qxd3 24. Qe5 Qd7 25. Re1 Bg6 26. Qc3 c6 27. h3 h6 28.
Kh2 Kh7 29. Bc5 Re8 30. Rxe8 Qxe8 31. Bd4 Qf7 32. Qe3 Qd5 33. Kg1 Qd6 34. Qc3
Qe7 35. Qa5 Qd6 36. Qc3 Qe7 37. Kh1 Bb1 38. Qc1 Bg6 39. Qc3 Bb1 40. Be3 Qd6 41.
Bc5 Qe6 42. Qb4 Qd5 43. Bd4 Qd7 44. Qc5 Qd5 45. Qb6 Qd7 46. Kg1 Qe7 47. Qa5 Bd3
48. Qd2 Bg6 49. b4 Bf7 50. Bb2 Bd5 51. Qd4 b5 52. Bc3 Kg8 53. Kh2 Qd6+ 54. Kg1
Qe7 55. Kf2 Kh7 56. g4 Kg8 57. Kg3 Kh7 58. f4 Kg8 59. f5 Qd6+ 60. Qe5 1/2-1/2

[Event "25th Dubai Open A 2025"]
[Site "Dubai UAE"]
[Date "2025.06.01"]
[Round "6.14"]
[White "Jubin, Jimmy"]
[Black "Parkhov, Yair"]
[Result "1/2-1/2"]
[WhiteTitle "IM"]
[BlackTitle "GM"]
[WhiteElo "2449"]
[BlackElo "2514"]
[WhiteFideId "46686614"]
[BlackFideId "2813408"]
[EventDate "2025.05.27"]

1. d4 Nf6 2. c4 e6 3. Bf4 d5 4. cxd5 Nxd5 5. Bg3 c5 6. e4 Nf6 7. Nd2 Qxd4 8.
Ngf3 Qd8 9. e5 Nd5 10. Bd3 Be7 11. O-O Bd7 12. Qe2 a6 13. a3 Bb5 14. Bxb5+ axb5
15. Qxb5+ Qd7 16. Qe2 O-O 17. Ne4 Qa4 18. Rac1 Nd7 19. Qd3 h6 20. Rfd1 b5 21.
Qc2 Rfc8 22. Nc3 Nxc3 23. Rxd7 Nd5 24. Qxa4 bxa4 25. Nd2 Rcb8 26. Nc4 Kf8 27.
Rd1 Ke8 28. R7xd5 exd5 29. Rxd5 Rd8 30. Nd6+ Bxd6 31. exd6 Kd7 32. Kf1 Re8 33.
f3 Ra5 34. Be5 f6 35. Bc3 Rb5 36. h4 Re6 37. Rf5 Rxd6 38. Rf4 Ra6 39. h5 Ke6 40.
Kf2 Rb7 41. Re4+ Kf7 42. Rc4 Rc7 43. Kg3 g6 44. hxg6+ Kxg6 45. Rg4+ Kh7 46. Rf4
Rg7+ 47. Kf2 Kg6 48. Rc4 Rc7 49. Rg4+ Kf7 50. Rf4 h5 51. Kg3 Kg6 52. Rc4 Kf5 53.
Rf4+ Kg5 54. Rc4 Rcc6 55. Kh3 Kf5 56. Rh4 Kg6 57. Rc4 Rc8 58. Kh2 Kf5 59. Rh4
Kg5 60. Rc4 Ra7 61. Kg3 Kg6 62. Rf4 Ra6 63. Rc4 Kf7 64. Kf2 f5 65. Rf4 Kg6 66.
Rc4 Rcc6 67. Kg3 Kg5 68. Bd2+ Kg6 69. Bc3 Kg5 70. Bd2+ Kf6 71. Bc3+ Kg6 72. Kf2
Rc8 73. Kg3 Kf7 74. Kh3 Rcc6 75. Kg3 Ra8 76. Kh3 Ra7 77. Rh4 Kg6 78. Rc4 Rcc7
79. Kg3 Rc8 80. Kh3 Raa8 81. Kg3 Ra6 82. Kh3 Kf7 83. Rh4 Rcc6 84. Kg3 Rg6+ 85.
Kf2 Rh6 86. Rc4 Rhc6 87. Rh4 Kg6 88. Rc4 Ra7 89. Kg3 Rcc7 90. Kf2 Rc8 91. Kg3
Ra6 92. Kf2 Kh6 93. Bd2+ Kh7 94. Bc3 Kg6 95. Kg3 Kf7 1/2-1/2

[Event "25th Dubai Open A 2025"]
[Site "Dubai UAE"]
[Date "2025.06.01"]
[Round "6.15"]
[White "Pham Tran Gia Phuc"]
[Black "Davtyan, Artur"]
[Result "1/2-1/2"]
[WhiteTitle "IM"]
[BlackTitle "IM"]
[WhiteElo "2424"]
[BlackElo "2485"]
[WhiteFideId "12415669"]
[BlackFideId "13308327"]
[EventDate "2025.05.27"]

1. d4 Nf6 2. c4 e6 3. Nc3 Bb4 4. f3 d5 5. a3 Bxc3+ 6. bxc3 c5 7. cxd5 Nxd5 8.
dxc5 Qa5 9. e4 Nf6 10. Be3 O-O 11. Qb3 Nfd7 12. a4 Qc7 13. Qa3 b6 14. a5 bxc5
15. Nh3 Ba6 16. Bxa6 Nxa6 17. O-O Qc6 18. Rfd1 Rfd8 19. Nf2 Ne5 20. Bf4 Ng6 21.
Bg3 h5 22. h4 Rac8 23. Qa4 Qxa4 24. Rxa4 e5 25. Raa1 f6 26. Nd3 Nf8 27. Nb2 Ne6
28. Nc4 Rxd1+ 29. Rxd1 Rd8 30. Rxd8+ Nxd8 31. Bf2 Kf7 32. Nd6+ Ke6 33. Nb5 Nc6
34. Kf1 Nxa5 35. Nxa7 Nc4 36. Ke2 Nd6 37. Nc6 Nb7 1/2-1/2

[Event "25th Dubai Open A 2025"]
[Site "Dubai UAE"]
[Date "2025.06.01"]
[Round "6.16"]
[White "Dau Khuong Duy"]
[Black "Prraneeth, Vuppala"]
[Result "1/2-1/2"]
[WhiteTitle "IM"]
[BlackTitle "GM"]
[WhiteElo "2423"]
[BlackElo "2474"]
[WhiteFideId "12424722"]
[BlackFideId "46622373"]
[EventDate "2025.05.27"]

1. e4 e5 2. Nf3 Nc6 3. Bb5 a6 4. Ba4 b5 5. Bb3 Na5 6. O-O d6 7. d4 exd4 8. Nxd4
Bb7 9. Bd2 Nxb3 10. axb3 Nf6 11. f3 c5 12. Nf5 g6 13. Ne3 Bg7 14. c4 b4 15. Be1
O-O 16. Bh4 Qd7 17. Nd2 Nh5 18. Qc2 Rae8 19. Rfe1 f5 20. exf5 gxf5 21. Ndf1 Nf4
22. Rad1 Ng6 23. Bf2 f4 24. Nd5 Rxe1 25. Rxe1 Bxd5 26. cxd5 Qf5 27. Qd2 Ne5 28.
Re4 a5 29. Qe2 Qf7 30. Qd1 Qb7 31. Qd2 Rf5 32. h4 Qf7 33. Qd1 Bf6 34. Qa1 Bd8
35. Nd2 Qxd5 36. Nc4 Nd3 37. Qd1 Kg7 38. Bd4+ cxd4 39. Qxd3 Bf6 40. h5 Be5 41.
Re1 Rxh5 42. Ra1 Qe6 43. Kf2 Rh2 44. Qe4 Qh3 45. Rg1 Qg3+ 46. Kf1 Rh5 47. Qb7+
Kh6 48. Qf7 Qg6 49. Qf8+ Qg7 50. Qxg7+ Kxg7 51. Ke2 Kf6 52. Kd3 Rg5 53. Nxa5 h5
54. Nc4 d5 55. Nd2 Kg6 56. Re1 Bf6 57. Re2 h4 58. Nf1 Kf5 59. Kc2 Rg8 60. Kd3
Rc8 61. Nh2 Rc1 62. Rd2 Rh1 63. Ng4 h3 64. gxh3 Rxh3 65. Rf2 Bg7 66. Rf1 Rg3 67.
Rf2 Rg1 68. Rh2 Rg3 69. Rf2 Kg5 70. Ke2 Rh3 71. Rf1 Kh4 72. Rd1 Rg3 73. Rh1+ Kg5
74. Nf2 Bf6 75. Nd3 Rg2+ 76. Kd1 Rg3 77. Ke2 Rg2+ 78. Kd1 1/2-1/2

[Event "25th Dubai Open A 2025"]
[Site "Dubai UAE"]
[Date "2025.06.01"]
[Round "6.17"]
[White "Ashraf, Artin"]
[Black "Md Imran"]
[Result "0-1"]
[WhiteTitle "FM"]
[BlackTitle "IM"]
[WhiteElo "2407"]
[BlackElo "2472"]
[WhiteFideId "22514805"]
[BlackFideId "25748580"]
[EventDate "2025.05.27"]

1. e4 c5 2. Nf3 Nc6 3. d4 cxd4 4. Nxd4 Qc7 5. Nc3 e6 6. Be3 a6 7. Qf3 b5 8. Nxc6
Qxc6 9. Bd3 Bb7 10. O-O Nf6 11. Bd4 Be7 12. Rae1 Qc7 13. Ne2 e5 14. Qg3 d6 15.
Bc3 O-O 16. Qe3 d5 17. exd5 Bd6 18. Qd2 Rfe8 19. Ng3 Nxd5 20. Be4 Nxc3 21. Bxb7
Qxb7 22. Qxd6 Re6 23. Qb4 Nd5 24. Qe4 g6 25. Rd1 Rd8 26. Rd2 f5 27. Qh4 Rd7 28.
Rfd1 Red6 29. Nf1 Nf4 30. f3 Qb6+ 31. Kh1 Ne2 0-1

[Event "25th Dubai Open A 2025"]
[Site "Dubai UAE"]
[Date "2025.06.01"]
[Round "6.18"]
[White "Tudor, Henry Edward"]
[Black "Srihari, L R"]
[Result "0-1"]
[WhiteTitle "FM"]
[BlackTitle "IM"]
[WhiteElo "2376"]
[BlackElo "2468"]
[WhiteFideId "2409836"]
[BlackFideId "46617116"]
[EventDate "2025.05.27"]

1. d4 f5 2. g3 Nf6 3. Bg2 g6 4. Nf3 Bg7 5. O-O O-O 6. c4 d6 7. Nc3 c6 8. b3 Qc7
9. Qc2 Na6 10. Bf4 Nh5 11. Bd2 e5 12. dxe5 dxe5 13. e4 f4 14. Ne2 Nc5 15. Bb4
Qb6 16. Bc3 fxg3 17. Nxg3 Nf4 18. Bxe5 Bxe5 19. Nxe5 Qc7 20. Nf3 Bg4 21. Ne1 Qe5
22. Rb1 Rad8 23. f3 Bc8 24. Rd1 Qg5 25. Kh1 Rxd1 26. Qxd1 Rd8 27. Qc1 Nce6 28.
Qe3 h5 29. Ne2 Rd3 30. Qxd3 Nxd3 31. Nxd3 Qd2 32. Ndc1 Nd4 33. Nxd4 Qxd4 34. f4
Bg4 35. h3 Bd1 36. b4 Qd2 37. Nb3 Bxb3 38. axb3 Qxb4 39. Rf3 Qe1+ 40. Rf1 Qe3
41. b4 Qc3 42. b5 Qxc4 43. bxc6 bxc6 44. e5 a5 45. Re1 Kf8 46. Re4 Qb3 47. Rd4
a4 48. Kh2 a3 49. Rd8+ Ke7 50. Ra8 a2 51. Ra7+ Ke6 52. Bf1 a1=Q 0-1

[Event "25th Dubai Open A 2025"]
[Site "Dubai UAE"]
[Date "2025.06.01"]
[Round "6.19"]
[White "Pranav, Anand"]
[Black "Raahul, V S"]
[Result "1-0"]
[WhiteTitle "GM"]
[BlackTitle "IM"]
[WhiteElo "2555"]
[BlackElo "2378"]
[WhiteFideId "46626786"]
[BlackFideId "25035525"]
[EventDate "2025.05.27"]

1. e4 c6 2. d4 d5 3. e5 Bf5 4. Nd2 e6 5. Nb3 Nd7 6. Nf3 Ne7 7. Be2 Bg4 8. O-O
Nf5 9. h3 Bxf3 10. Bxf3 g6 11. g4 Nh4 12. Be2 f6 13. f4 Bg7 14. Be3 O-O 15. Qd2
g5 16. f5 exf5 17. e6 Qc7 18. Qe1 fxg4 19. exd7 gxh3 20. Bg4 h6 21. Bf4 Qb6 22.
Bd6 f5 23. Qe6+ Kh8 24. Bxf5 Rxf5 25. Rxf5 Nxf5 26. Qxf5 1-0

[Event "25th Dubai Open A 2025"]
[Site "Dubai UAE"]
[Date "2025.06.01"]
[Round "6.20"]
[White "Mayank, Chakraborty"]
[Black "Shyam, Sundar M."]
[Result "1/2-1/2"]
[WhiteTitle "IM"]
[BlackTitle "GM"]
[WhiteElo "2436"]
[BlackElo "2462"]
[WhiteFideId "25659766"]
[BlackFideId "5019141"]
[EventDate "2025.05.27"]

1. d4 d5 2. Nf3 Nf6 3. c4 e6 4. g3 dxc4 5. Bg2 Bb4+ 6. Bd2 a5 7. a3 Bxd2+ 8.
Nbxd2 b5 9. b3 cxb3 10. Qxb3 c6 11. Qb2 O-O 12. O-O Nbd7 13. Rfc1 Bb7 14. Ne1
Qb6 15. Nd3 Rac8 16. Rc2 Rfd8 17. Rac1 h6 18. e4 Ba6 19. e5 Nd5 20. Ne4 b4 21.
Ndc5 Nxc5 22. Rxc5 Rc7 23. Qb3 Be2 24. Qb2 1/2-1/2

[Event "25th Dubai Open A 2025"]
[Site "Dubai UAE"]
[Date "2025.06.01"]
[Round "6.21"]
[White "Dotzer, Lukas"]
[Black "Shyaam Nikhil P"]
[Result "1-0"]
[WhiteTitle "IM"]
[BlackTitle "GM"]
[WhiteElo "2455"]
[BlackElo "2430"]
[WhiteFideId "1666975"]
[BlackFideId "5024218"]
[EventDate "2025.05.27"]

1. e4 c5 2. Nc3 d6 3. d4 cxd4 4. Qxd4 Nf6 5. b3 g6 6. Bb2 Bh6 7. e5 dxe5 8.
Qxd8+ Kxd8 9. Nf3 Nc6 10. Rd1+ Ke8 11. Nb5 Kf8 12. Nxe5 Kg7 13. Nc7 Rb8 14. Nxc6
bxc6 15. Na6 Bxa6 16. Bxa6 Rhd8 17. Ke2 Bf4 18. Rxd8 Rxd8 19. Rd1 Rxd1 20. Kxd1
c5 21. Ke2 Kf8 22. h3 Bd6 23. Bb7 Nd7 24. Kd3 Nb6 25. Bc6 e5 26. a4 f5 27. f3
Ke7 28. a5 Nd7 29. Kc4 Nf6 30. Ba3 e4 31. fxe4 Nxe4 32. Bc1 a6 33. Be3 Ke6 34.
c3 Bc7 35. Bxe4 fxe4 36. Kxc5 Bxa5 37. Kd4 h5 38. c4 1-0

[Event "25th Dubai Open A 2025"]
[Site "Dubai UAE"]
[Date "2025.06.01"]
[Round "6.22"]
[White "Liyanage, Ranindu Dilshan"]
[Black "Panesar, Vedant"]
[Result "1-0"]
[WhiteTitle "IM"]
[BlackTitle "FM"]
[WhiteElo "2387"]
[BlackElo "2455"]
[WhiteFideId "9915834"]
[BlackFideId "35033018"]
[EventDate "2025.05.27"]

1. e4 c6 2. d4 d5 3. exd5 cxd5 4. Bd3 Nf6 5. h3 Nc6 6. c3 g6 7. Nf3 Bf5 8. Ne5
Bxd3 9. Nxd3 e6 10. O-O Bd6 11. Re1 Qc7 12. Bh6 Bf8 13. Be3 Bd6 14. Nd2 Nh5 15.
Qf3 Be7 16. Bh6 Rg8 17. b4 Nf6 18. b5 Na5 19. Ne5 g5 20. c4 Qd8 21. cxd5 exd5
22. Rac1 Qd6 23. Nf1 Qe6 24. Ng3 Ne4 25. Nxe4 dxe4 26. Rxe4 Qxa2 27. Rc7 Kd8 28.
Rd7+ Ke8 29. Rxe7+ Kxe7 30. Nxf7+ Kd7 31. Qf5+ Kc7 32. Re7+ Kb6 33. Qc5# 1-0

[Event "25th Dubai Open A 2025"]
[Site "Dubai UAE"]
[Date "2025.06.01"]
[Round "6.23"]
[White "Borgaonkar, Akshay"]
[Black "Roebers, Eline"]
[Result "1-0"]
[WhiteTitle "FM"]
[BlackTitle "IM"]
[WhiteElo "2453"]
[BlackElo "2361"]
[WhiteFideId "25639110"]
[BlackFideId "1058401"]
[EventDate "2025.05.27"]

1. e4 e5 2. Nf3 Nc6 3. Bb5 a6 4. Ba4 f5 5. d4 exd4 6. e5 b5 7. Bb3 Na5 8. Nxd4
Bb7 9. Nxf5 Nxb3 10. axb3 d6 11. Qe2 Qd7 12. e6 Qc6 13. f3 Qc5 14. Ng3 Nf6 15.
Nc3 O-O-O 16. Be3 Qe5 17. Bf2 Qxe2+ 18. Ncxe2 Re8 19. O-O Rxe6 20. Nf4 Re8 21.
Rfe1 Kd7 22. h4 g6 23. Bd4 Bg7 24. Bc3 Rhf8 25. Rxe8 Rxe8 26. h5 Nxh5 27. Ngxh5
Bxc3 28. bxc3 gxh5 29. Kf2 Re5 30. Rh1 Rc5 31. Ke3 a5 32. Nxh5 a4 33. bxa4 bxa4
34. Nf4 a3 35. Rxh7+ Ke8 36. Kd2 Ra5 37. Rh1 Ba6 38. Ra1 Bc4 39. Nd3 Kf7 40. Nc1
Kf6 41. Nb3 Ra8 42. Kc1 Bf1 43. g3 Be2 44. Nd2 Kf5 45. Kb1 Rb8+ 46. Kc1 Ra8 47.
Ra2 Kg5 48. c4 Kf5 49. Nb1 Bxf3 50. Rxa3 Rxa3 51. Nxa3 Kg4 52. Kd2 c5 53. Nb5 d5
54. cxd5 Bxd5 55. Nc3 Bf7 56. Ne4 Kh5 57. Nxc5 Kg4 58. Ne4 Be6 59. Ke3 Kf5 60.
Nf2 Ke5 61. g4 Kd5 62. Kf4 Kd4 63. Nd1 Ba2 64. g5 Bb1 65. Ne3 Kc3 66. g6 Ba2 67.
g7 Bg8 68. Ke5 Bf7 69. Kf6 Bg8 70. Ke7 Kd4 71. Kf8 Be6 72. Ng4 Kc3 73. Nh6 Kxc2
74. Nf7 1-0

[Event "25th Dubai Open A 2025"]
[Site "Dubai UAE"]
[Date "2025.06.01"]
[Round "6.24"]
[White "Sahib, Singh"]
[Black "Neelash, Saha"]
[Result "1-0"]
[WhiteTitle "FM"]
[BlackTitle "IM"]
[WhiteElo "2416"]
[BlackElo "2445"]
[WhiteFideId "25618342"]
[BlackFideId "5094160"]
[EventDate "2025.05.27"]

1. e4 Nf6 2. e5 Nd5 3. d4 d6 4. c4 Nb6 5. exd6 exd6 6. Nc3 Be7 7. h3 O-O 8. Bd3
Bf6 9. Nge2 Nc6 10. O-O Re8 11. b3 Nb4 12. Bb1 c6 13. a3 Na6 14. a4 Nc7 15. a5
Nd7 16. Bf4 Nf8 17. Ne4 Be7 18. d5 cxd5 19. cxd5 Ng6 20. Bh2 Nb5 21. Bd3 Bd7 22.
a6 Qb6 23. axb7 Qxb7 24. Nf4 f5 25. Nxg6 hxg6 26. Nd2 Kh7 27. Bxb5 Bxb5 28. Nc4
Rec8 29. Qd3 a5 30. g4 Qd7 31. gxf5 gxf5 32. Rfe1 Bf6 33. Rac1 Bxc4 34. bxc4 a4
35. Re6 Bb2 36. Rce1 Qf7 37. Bxd6 a3 38. Qc2 Qh5 39. Kh2 Qg5 40. f4 Qh4 41. Re7
Bf6 42. Qxf5+ Kh8 43. Bxa3 Bxe7 44. Rxe7 Rg8 45. Bb2 Qf2+ 46. Kh1 Qf1+ 47. Kh2
Qf2+ 48. Kh1 Qf3+ 49. Kg1 Ra2 50. Rb7 Qg3+ 51. Kf1 Qf3+ 52. Kg1 Qd1+ 53. Kg2 Re8
54. Kg3 Re3+ 55. Kh4 Qe1+ 56. Kh5 Qe2+ 57. Kg6 Rg3+ 58. Kf7 Ra8 59. Re7 Qf3 60.
Bd4 Qd1 61. Re1 Qd3 62. Qxd3 Rxd3 63. Bxg7+ Kh7 64. Bf6 Rc8 65. Re5 Rc7+ 66. Be7
Kh6 67. c5 Rd4 68. f5 Rd3 69. d6 Ra7 70. f6 1-0

[Event "25th Dubai Open A 2025"]
[Site "Dubai UAE"]
[Date "2025.06.01"]
[Round "6.25"]
[White "Bronstein, Or"]
[Black "Hayrapetyan, Hovik"]
[Result "1-0"]
[WhiteTitle "IM"]
[BlackTitle "GM"]
[WhiteElo "2443"]
[BlackElo "2423"]
[WhiteFideId "2815770"]
[BlackFideId "13302639"]
[EventDate "2025.05.27"]

1. e4 c5 2. Nf3 d6 3. d4 cxd4 4. Nxd4 Nf6 5. Nc3 a6 6. Be3 e5 7. Nb3 Be6 8. f3
Be7 9. Qd2 h5 10. O-O-O Nbd7 11. Kb1 Rc8 12. h3 h4 13. Bd3 Qc7 14. f4 b5 15.
Rhe1 Bc4 16. fxe5 dxe5 17. Nd5 Nxd5 18. exd5 Bxd3 19. Qxd3 Bd6 20. Bf2 Qc4 21.
Qxc4 Rxc4 22. Nd4 Rh5 23. b3 Rc8 24. Nf3 g5 25. Nd4 f6 26. Nf5 Bf8 27. Re4 Kf7
28. Rf1 Kg6 29. Be3 Rh7 30. b4 Nb8 31. Rg4 Rd8 32. Bf2 Rxd5 33. Nxh4+ Kf7 34.
Nf3 Rg7 35. Nxg5+ Ke7 36. Ne4 Rxg4 37. hxg4 Nd7 38. c3 Ke6 39. Bh4 Bg7 40. Kc2
Bh8 41. Rf3 Bg7 42. a3 Bh8 43. Bf2 Bg7 44. Be3 Kf7 45. a4 Kg6 46. a5 Bf8 47. Ba7
Be7 48. Bf2 Bf8 49. Be3 Be7 50. Ng3 Bf8 51. Rf5 Rd6 52. Ne4 Rc6 53. Kd3 Rc4 54.
Rf1 Be7 55. Rh1 Nb8 56. Rh6+ Kg7 57. g5 fxg5 58. Rb6 Nc6 59. Rxa6 1-0

[Event "25th Dubai Open A 2025"]
[Site "Dubai UAE"]
[Date "2025.06.01"]
[Round "6.26"]
[White "Nandhidhaa, P V"]
[Black "Royal, Shreyas"]
[Result "0-1"]
[WhiteTitle "WGM"]
[BlackTitle "GM"]
[WhiteElo "2363"]
[BlackElo "2493"]
[WhiteFideId "5050847"]
[BlackFideId "448869"]
[EventDate "2025.05.27"]

1. Nf3 d5 2. g3 Nf6 3. Bg2 e6 4. O-O Be7 5. c4 O-O 6. b3 b6 7. Bb2 Bb7 8. cxd5
exd5 9. e3 Nbd7 10. Nc3 Nc5 11. d3 Ne6 12. d4 c5 13. Rc1 Rc8 14. Re1 a6 15. dxc5
bxc5 16. Re2 Qb6 17. Na4 Qa7 18. Ne5 Rfd8 19. Rec2 a5 20. Qe1 Bd6 21. Nd3 Ne4
22. f3 Nf6 23. Bxf6 gxf6 24. Nf2 c4 25. bxc4 Bb4 26. Qe2 d4 27. f4 dxe3 28. Ng4
Bxg2 29. Kxg2 Qb7+ 30. Kh3 Rd2 31. Rxd2 exd2 32. Nxf6+ Kg7 33. Nh5+ Kf8 34. Rf1
Qd7 35. f5 Ng5+ 36. Kg4 Re8 37. Qg2 Re1 38. Nb2 d1=Q+ 39. Nxd1 Qxd1+ 40. Kxg5
Rxf1 41. Qa8+ Ke7 42. f6+ Kd6 43. Qf8+ Ke5 44. Qe8+ Kd4 45. Qxf7 Bd2+ 46. Kh4
Qf3 47. Qa7+ Kd3 48. Qd7+ Kc3 49. Qxh7 Re1 50. Qg7 Re4+ 51. g4 Re5 52. Ng3 Be1
53. g5 Bxg3+ 54. hxg3 Re4+ 0-1

[Event "25th Dubai Open A 2025"]
[Site "Dubai UAE"]
[Date "2025.06.01"]
[Round "6.27"]
[White "Gupta, Abhijeet"]
[Black "Goutham Krishna H"]
[Result "1-0"]
[WhiteTitle "GM"]
[BlackTitle "IM"]
[WhiteElo "2577"]
[BlackElo "2427"]
[WhiteFideId "5010608"]
[BlackFideId "25983504"]
[EventDate "2025.05.27"]

1. d4 Nf6 2. c4 g6 3. Nc3 Bg7 4. e4 d6 5. h3 O-O 6. Be3 c6 7. Nf3 a6 8. Be2 b5
9. cxb5 axb5 10. a3 Bb7 11. O-O Nbd7 12. Qc1 Qb8 13. Rd1 Rc8 14. Bh6 b4 15. Bxg7
bxc3 16. Qh6 Nxe4 17. b4 d5 18. Bd3 Ndf6 19. Bxe4 dxe4 20. Ng5 Qf4 21. Bh8 Kxh8
22. Nxf7+ Kg8 23. Qxf4 Kxf7 24. Re1 Ke8 25. Rxe4 c5 26. Qxf6 Bxe4 27. Qh8+ Kf7
28. Qxh7+ Ke6 29. Re1 c2 30. Qxg6+ Kd5 1-0